000 00976nam a2200253 a 4500
001 000013283
005 20240306073902.0
008 091123s2005 dr a 000 0 spa d
020 _a9945110845
040 _aDO-SdBNP
_bspa
_cBNPHU
082 _axxxx
_cQ69
245 0 0 _aQuímica 3 /
_cdirección editorial Obdulia García de Escobar ; ilustración Edward Reyes Colón, José Amado Polanco ; editora Claudia Llibre.
260 _aSanto Domingo :
_bSantillana,
_c2005.
300 _a199 p. :
_bil. ;
_c28 cm.
490 1 _aÁmbar
500 _aCuarto de bachillerato. 2do. curso /Segundo ciclo
500 _aEste libro ha sido realizado de conformidad con el currículum vigente y ha sido sometido a la aprobacin de la SEE
700 1 _aGarcía Escobar, Obdulia de
_edir. ed.
_929220
700 1 _aReyes Colón, Edward,
_eil.
_929257
700 1 _aPolanco, José Amado,
_eil.
_923172
700 1 _aLibre, Claudia,
_eed.
_930469
830 0 _aÁmbar
_96599
049 _aBNPD
999 _c12913
_d12913